000 00335nam a22001337a 4500
008 250903b |||||||| |||| 00| 0 eng d
020 _a9789780294830
050 _aHD 58.7
_b.O48
100 _aOGUNBAMERU OLAKUNLE A.
245 _aORGANIZATIONAL DYNAMICS
260 _aUK
_bSPECTRUM BOOKS LIMITED
_c2004
300 _a577p.
942 _cBK
999 _c4470
_d4470